Les aspirations autonomistes en Europe (Record no. 178998)

MARC details
000 -LEADER
campo de control de longitud fija 01633nam a2200253 i 4500
001 - NÚMERO DE CONTROL
campo de control 178998
003 - IDENTIFICADOR DE NÚMERO DE CONTROL
campo de control ES-MaACL
005 - FECHA Y HORA DE LA ÚLTIMA TRANSACCIÓN
campo de control 20250819164922.0
008 - DATOS DE LONGITUD FIJA--INFORMACIÓN GENERAL
campo de control de longitud fija 110817s1913 fr |||| | fre d
245 04 - MENCIÓN DEL TÍTULO
Título Les aspirations autonomistes en Europe
Resto del título : leçons faites à l'École des Hautes études sociales /
Mención de responsabilidad, etc. par J. Aulneau, F. Delaisi, Y. M. Gobelet [et al.].
260 ## - PUBLICACIÓN, DISTRIBUCIÓN, ETC.
Lugar de publicación, distribución, etc. Paris :
Nombre del editor, distribuidor, etc. Félix Alcan,
Fecha de publicación, distribución, etc. 1913.
300 ## - DESCRIPCIÓN FÍSICA
Extensión XIX, 377 p. ;
Dimensiones 22 cm.
490 1# - MENCIÓN DE SERIE
Mención de serie Bibliothèque générale des sciences sociales ;
Designación de volumen o secuencia 41
500 ## - NOTA GENERAL
Nota general Tit. en cubierta: Les aspirations autonomistes en Europe : Albanie, Alsace-Lorraine, Catalogne, Finlande, Îles grecques, Irlande, Macédoine, Pologne, Serbo-Croatie.
505 8# - NOTA DE CONTENIDO CON FORMATO
Nota de contenido con formato Contiene: Introduction, par Ch. Seignobos. - Les revendications autonomistes en Alsace-Lorraine, par H. Lichtenberger. - La nation polonaise au XXe siècle, par H. Vimard. - La Finlande: défense d'une constitution protectrice d'une nationalité, par René Henry. - Le mouvement catalan, par Angel Marvaud. - L'autonomie albanaise, par F. Delaisi. - La nationalité serbo-croate, par Albert Malet. - L'autonomie irlandaise, par Y. M. Goblet. - Le question macédonienne, par J. Aulneau. - L'autonomie des îles grecques, par Ad. Reinach
650 #7 - PUNTO DE ACCESO ADICIONAL DE MATERIA--TÉRMINO DE MATERIA
Término de materia o nombre geográfico como elemento de entrada Nacionalismo
Fuente del encabezamiento o término embne
9 (RLIN) 15438
700 0# - ENTRADA AGREGADA--NOMBRE PERSONAL
Nombre de persona Aulneau, Joseph.
9 (RLIN) 23911
700 0# - ENTRADA AGREGADA--NOMBRE PERSONAL
Nombre de persona Delaisi, Francis.
9 (RLIN) 43300
700 1# - ENTRADA AGREGADA--NOMBRE PERSONAL
Nombre de persona Goblet, Yann-Morvran (
Fechas asociadas al nombre 1881-1955)
9 (RLIN) 147638
700 1# - ENTRADA AGREGADA--NOMBRE PERSONAL
Nombre de persona Seignobos, Charles (
Fechas asociadas al nombre 1854-1942)
9 (RLIN) 105259
830 00 - PUNTO DE ACCESO ADICIONAL DE SERIE-TÍTULO UNIFORME
Título uniforme Bibliothèque générale des sciences sociales
Designación de volumen o secuencia 41
9 (RLIN) 187778
852 ## - LOCALIZACIÓN
Ubicación ES-MaACL
Número de control de estantería C-23125
Holdings
Estatus retirado Estado de pérdida Estado de daño No para préstamo Biblioteca de origen Biblioteca actual Ubicación en estantería Fecha de adquisición Fuente de adquisición Total de préstamos Signatura topográfica completa Código de barras Visto por última vez Precio de reemplazo Tipo de ítem Koha
        Biblioteca del Ateneo de Madrid Biblioteca del Ateneo de Madrid Depósito 2 17/08/2011     C-23125 1188025 23/02/2023 23/02/2023 Libro impreso